<?xml version="1.0" encoding="UTF-8"?>
<record
    xmlns:xsi="http://www.w3.org/2001/XMLSchema-instance"
    xsi:schemaLocation="http://www.loc.gov/MARC21/slim http://www.loc.gov/standards/marcxml/schema/MARC21slim.xsd"
    xmlns="http://www.loc.gov/MARC21/slim">

  <leader>01272nam a22002057a 4500</leader>
  <datafield tag="999" ind1=" " ind2=" ">
    <subfield code="c">374</subfield>
    <subfield code="d">374</subfield>
  </datafield>
  <controlfield tag="003">AR-CdUCM</controlfield>
  <controlfield tag="008">190223b           ||||| |||| 00| 0 spa d</controlfield>
  <datafield tag="040" ind1=" " ind2=" ">
    <subfield code="a">MUNICIPALIDAD PROVINCIAL DEL CUSCO</subfield>
    <subfield code="c">BIBLIOTECA MUNICIPAL DEL CUSCO</subfield>
  </datafield>
  <datafield tag="082" ind1=" " ind2=" ">
    <subfield code="a">320.947 /</subfield>
    <subfield code="b">B82</subfield>
  </datafield>
  <datafield tag="100" ind1=" " ind2=" ">
    <subfield code="a">Brezhnev, L. I.</subfield>
  </datafield>
  <datafield tag="245" ind1=" " ind2=" ">
    <subfield code="a">Nuestro rumbo :</subfield>
    <subfield code="b">la paz y el socialismo /</subfield>
  </datafield>
  <datafield tag="260" ind1=" " ind2=" ">
    <subfield code="a">Moscu :</subfield>
    <subfield code="b">Agencia de prensa n&#xF3;vosti,</subfield>
    <subfield code="c">1974.</subfield>
  </datafield>
  <datafield tag="300" ind1=" " ind2=" ">
    <subfield code="a">182 p&#xE1;ginas ;</subfield>
    <subfield code="c">16.5 cm.</subfield>
  </datafield>
  <datafield tag="505" ind1=" " ind2=" ">
    <subfield code="a">Contenido: Discurso pronunciado en Sof&#xED;a con motivo de la entrega del honroso t&#xED;tulo de h&#xE9;roe de la Rep&#xFA;blica popular de Bulgaria y de la orden Jorge Dimitrov, 18 de septiembre -- Discurso pronunciado en Sofia en el mit&#xED;n de amistad b&#xFA;lgaro-sovi&#xE9;tica, 19 de septiembre -- Discurso pronunciado en Tashkent en la solemne reuni&#xF3;n conjunta del comite central del partido comunista de Uzbekia y del Soviet supremo de la URSS de Uzbekia, consagrada a la entrega de la orden de la amistad de los pueblos a la rep&#xFA;blica, 24 de septiembre -- Discurso pronunciado en el almuerzo ofrecido en honor del primer ministro del Jap&#xF3;n, akuei Tanaka, 8 de octubre ...</subfield>
  </datafield>
  <datafield tag="650" ind1=" " ind2=" ">
    <subfield code="a">Uni&#xF3;n Sovietica</subfield>
    <subfield code="9">496</subfield>
  </datafield>
  <datafield tag="650" ind1=" " ind2=" ">
    <subfield code="a">Pol&#xED;tica</subfield>
    <subfield code="9">291</subfield>
  </datafield>
  <datafield tag="650" ind1=" " ind2=" ">
    <subfield code="a">Discursos</subfield>
    <subfield code="9">1511</subfield>
  </datafield>
  <datafield tag="942" ind1=" " ind2=" ">
    <subfield code="2">ddc</subfield>
    <subfield code="c">LIBROS</subfield>
  </datafield>
  <datafield tag="945" ind1=" " ind2=" ">
    <subfield code="a">afb</subfield>
    <subfield code="d">2019-02-23</subfield>
  </datafield>
  <datafield tag="952" ind1=" " ind2=" ">
    <subfield code="0">0</subfield>
    <subfield code="2">ddc</subfield>
    <subfield code="4">0</subfield>
    <subfield code="7">0</subfield>
    <subfield code="a">SH</subfield>
    <subfield code="b">SH</subfield>
    <subfield code="c">CART</subfield>
    <subfield code="d">2019-02-23</subfield>
    <subfield code="g">10.00</subfield>
    <subfield code="o">320.947 / B82</subfield>
    <subfield code="p">SH0000000479</subfield>
    <subfield code="r">2019-02-23</subfield>
    <subfield code="y">LIBROS</subfield>
  </datafield>
</record>
